000
00266nam a2200109Ia 4500
999
_c
7773
_d
7773
020
_a
978-8183330084
100
_a
Ivan Bayross
245
0
_a
Web Enabled Commercial Applications Development
260
_a
New Delhi
_b
Prentice Hall
_c
2000
300
_a
975
942
_c
BK